000 01581nam a2200385 a 4500
001 ebr10506390
003 CaPaEBR
006 m u
007 cr cn|||||||||
008 110421s2011 dcuabd sb 000 0 eng d
010 _z 2011016874
020 _z9780821370506
020 _z9780821387870 (e-book)
040 _aCaPaEBR
_cCaPaEBR
035 _a(OCoLC)769188442
043 _aa-np---
_aa-qa---
050 1 4 _aHG3968.85
_b.E53 2011eb
082 0 4 _a332/.04246095363
_222
100 1 _aEndo, Isaku.
245 1 4 _aThe Qatar-Nepal remittance corridor
_h[electronic resource] :
_benhancing the impact and integrity of remittance flows by reducing inefficiencies in the migration process /
_cIsaku Endo, Gabi G. Afram.
260 _aWashington, D.C. :
_bWorld Bank,
_cc2011.
300 _axv, 42 p. :
_bill., map.
490 0 _aWorld Bank study
504 _aIncludes bibliographical references (p. 41-42).
533 _aElectronic reproduction.
_bPalo Alto, Calif. :
_cebrary,
_d2013.
_nAvailable via World Wide Web.
_nAccess may be limited to ebrary affiliated libraries.
650 0 _aEmigrant remittances
_zQatar.
650 0 _aEmigrant remittances
_zNepal.
651 0 _aQatar
_xEmigration and immigration
_xEconomic aspects.
651 0 _aNepal
_xEmigration and immigration
_xEconomic aspects.
655 7 _aElectronic books.
_2local
700 1 _aAfram, Gabi G.
710 2 _aWorld Bank.
710 2 _aebrary, Inc.
856 4 0 _uhttp://site.ebrary.com/lib/rucke/Doc?id=10506390
_zAn electronic book accessible through the World Wide Web; click to view
999 _c218760
_d218760